Statistics for Geography pyramid- EASY

Click here to take the quiz!

General Stats

  • This quiz has been taken 137 times
  • The average score is 9 of 14

Answer Stats

HintAnswer% Correct
Scotland, England, Wales, Northern IrelandUK
99%
The USA bought this state from RussiaAlaska
90%
Country whose capital is Doha; first letterQ
89%
Tahiti is in this oceanPacific
88%
Genghis Khan's EmpireMongolia
81%
Sea on the western coast of Saudi ArabiaRed
79%
Country that borders Nicaragua to the southCostaRica
78%
Paris's riverSeine
75%
Most populous Hawaiian islandOahu
61%
Major mountain range in the eastern USAAppalachian
57%
Most linguistically diverse countryPapuaNewGuinea
27%
Lake on the border between Tanzania and the DRCTanganyika
24%
The Kara Kum Desert covers 70% of this countryTurkmenistan
23%
World's third highest mountainKangchenjunga
11%

Score Distribution

Percentile by Number Answered

Percent of People with Each Score

Your Score History

You have not taken this quiz